| 000 | 00000nas 2200000zi 4500 |
| 001 | 9.940727 |
| 003 | CaOODSP |
| 005 | 20250102150558 |
| 006 | m o d f |
| 007 | cr ||||||||||| |
| 008 | 240717d19631969oncar p o f0###a0fre|d |
| 040 | |aCaOODSP|bfre|erda|cCaOODSP |
| 043 | |an-cn--- |
| 086 | 1 |aId1F-PDF |
| 110 | 1 |aCanada. |bMinistère de l'industrie, |eauteur, |eorganisme de publication. |
| 245 | 10|aRapport annuel ... |
| 264 | 1|aOttawa : |bMinistère de l'industrie, |c1964-1969. |
| 310 | |aAnnuel |
| 336 | |atexte|btxt|2rdacontent/fre |
| 337 | |ainformatique|bc|2rdamedia/fre |
| 338 | |aressource en ligne|bcr|2rdacarrier/fre |
| 362 | 1 |aParaît depuis : 1964; ne paraît plus après : 1968/1969. |
| 500 | |aÉdition numérisée de l'imprimé [par Innovation, sciences et développement économique Canada]. |
| 500 | |aPublié aussi en anglais sous le titre : Annual report ... |
| 515 | |aL'année d'activité se termine le 30 mars. |
| 610 | 16|aCanada. |bMinistère de l'industrie |vPériodiques. |
| 650 | 6|aPromotion industrielle|zCanada|vPéridiques. |
| 655 | 7|aPériodiques|2rvmgf |
| 775 | 08|tAnnual report ...|w(CaOODSP)9.940696 |
| 785 | 00|tRapport annuel du Ministère de l'Industrie et du Commerce.|w(CaOODSP)9.872040 |